|
|
|
|
| LEADER |
00000nam a2200000 a 4500 |
| 001 |
vtls001452532 |
| 003 |
SK-MaSNL |
| 005 |
20260301121415.0 |
| 008 |
160330s2002 xo a gr 0 slo |
| 015 |
|
|
|a SNBE2003/03-01446
|
| 035 |
|
|
|a SNK000407839
|
| 040 |
|
|
|a SNK
|b slo
|c SNK
|e AACR2
|
| 041 |
0 |
|
|a slo
|
| 043 |
|
|
|a e-xo---
|
| 044 |
|
|
|a xo
|c SK
|
| 072 |
|
7 |
|a 792
|2 konspekt
|
| 110 |
2 |
|
|a Slovenské národné divadlo.
|b Opera
|4 aut
|9 65024
|
| 240 |
1 |
0 |
|a Erwartung
|l Slovensky
|
| 245 |
1 |
0 |
|a Arnold Schönberg. Očakávanie
|b opera v jednom dejstve v nemeckom jazyku
|c libreto napísala Mária Pappenheimová ; Giacomo Puccini. Plášť : opera v jednom dejstve v talianskom jazyku : premiéra 4. a 5. októbra 2002 ; libreto napísal Giuseppe Adami podľa hry Didiera Golda "La Houppelande" ; zostavil: Pavol Smolík ; preklad do nemčiny: Vladimír Zvara ; grafická úprava: Nora Nosterská
|
| 246 |
1 |
0 |
|a Arnold Schönberg. Erwartung
|
| 246 |
1 |
0 |
|a Giacomo Puccini. Il tabarro
|
| 246 |
1 |
1 |
|a Erwartung
|
| 246 |
1 |
1 |
|a Il tabarro
|
| 260 |
|
|
|a Bratislava
|b Slovenské národné divadlo
|c 2002
|
| 300 |
|
|
|a 36 s.
|b fotogr.
|c 21 cm
|
| 500 |
|
|
|a Text slov. a nem.
|
| 500 |
|
|
|a Údaj o zost. a prekl. prevzatý z tiráže
|
| 505 |
1 |
|
|a Očakávanie/ libreto Mária Pappenheimová; Plášť/ libreto Giuseppe Adami
|
| 610 |
0 |
7 |
|a Slovenské národné divadlo.
|b Opera
|2 SNK
|9 65024
|
| 610 |
2 |
7 |
|a Slovenské národné divadlo.
|b Opera
|2 SNK
|9 65024
|
| 650 |
0 |
7 |
|a opery
|y Slovensko
|2 SNK
|9 465468
|
| 650 |
0 |
7 |
|a predstavenia operné
|z Slovensko
|x programy divadelné
|2 SNK
|9 465469
|
| 650 |
0 |
7 |
|a divadelné predstavenia
|2 SNK
|9 3328
|
| 651 |
|
7 |
|a 101
|2 SNK
|9 295205
|
| 655 |
|
7 |
|a divadelné programy
|2 SNK
|9 70302
|
| 700 |
1 |
|
|a Smolík, Pavol,
|d 1964-
|4 zos
|9 117698
|
| 700 |
1 |
|
|a Zvara, Vladimír,
|d 1969-
|4 trl
|9 13448
|
| 700 |
1 |
|
|a Nosterská, Nora
|4 gup
|9 465470
|
| 730 |
3 |
|
|a Il tabarro
|l Slovensky
|9 465471
|
| 958 |
|
|
|a OP
|
| 958 |
|
|
|a DE
|
| 999 |
|
|
|c 729260
|d 731190
|
| 952 |
|
|
|t P60, <03>, [BOOK], {603}
|a SNK
|b SNK
|y PREZ
|7 0
|p 17A0382071
|o snkOSC 22118
|i snkKSP 5271/2003
|0 0
|1 0
|4 0
|d 2003-04-25
|l 0
|r 2005-01-02 00:00:00
|w 2026-02-23
|